000 00590nam a22002057a 4500
005 20150605123912.0
010 _aENG-113234
020 _a9788171772353
_c1450.00
035 _aEN-96766
037 _bDBAD/PUB
082 _a347.052
100 _aMitra, B.B.
245 _aThe limitation act 1963 /
_cby B.B. Mitra
250 _a22nd ed by M.R.Mallick
260 _aKolkatta
_bEastern Law House
_c2011
270 _a54, Ganesh Chunder Avenue,
_bKolkatta
_e700013
300 _a144,1748p.
_c25cm(Hb)
500 _aIncludes index
942 _2ddc
_cEN
_mMIT
_h347.052
999 _c94110
_d94110